01365nab a22002297a 4500999001500000003000400015005001700019008004100036040000700077100003400084245011600118300001500234505054400249505007200793650003500865650002800900650001900928650003300947700003800980773010401018942001301122 c5861d5861OSt20260108224715.0190514b xxu||||| |||| 00| 0 spa d cPJ 95059aNotrica, Federico Pablo10aBalance, consolidación y desafíos en alimentos a los/as hijos/as /cFederico P. Notrica, Patricio J. Curti. ap. 232-245 aSumario: I. Los alimentos desde las perspectivas de niñez y de géneros: una primera década con victorias y derrotas, aunque con revanchas.— II. Los alimentos derivados de la responsabilidad parental.— III. Alimentos al hijo/a con discapacidad.— IV. Obligación alimentaria entre parientes y un supuesto novedoso de creación jurisprudencial.— V. El índice de crianza: una política pública en cruce con las tareas de cuidado.— VI. Medidas para asegurar el cumplimiento: efectividad con razonabilidad.— VII. Cierre. tSi te interesa el texto, comunicate a koha@justierradelfuego.gov.ar 091497aCODIGO CIVIL Y COMERCIAL 09967aDERECHO DE FAMILIA 09968aALIMENTOS 091074aOBLIGACION ALIMENTARIA 95661aCurti, Patricio J.ecoautor0 0284493222dBuenos Aires : AbeledoPerrot, 1989-tDerecho de familia. N° 120 - Julio 2025z18511201 2udccANA